000 00569nmm a2200169Ia 4500
008 251105s9999||||xx |||||||||||||||||und||
020 _a9789587162264
041 _aspa
100 _aGarcía Arboleda, Juan Felipe
245 0 _aRegeneración o catástrofe :
_b Derecho penal mesiánico durante el siglo XIX en Colombia
264 _a[Bogotá, Colombia] :
_bEditorial Pontificia Universidad Javeriana,
_c2008
300 _a150 páginas
490 _aFronteras del derecho
650 _aLaw
856 _uhttps://public.digitaliapublishing.com/a/44294
942 _cCF
999 _c95516
_d95516